| 000 | 00728cam a2200253 4500 | ||
|---|---|---|---|
| 001 | M2081 | ||
| 008 | 090401t1995 xxu||||| |||| 00| 0 eng d | ||
| 035 | _a(Sirsi) u36369 | ||
| 041 | _aeng | ||
| 050 | _a526.92 | ||
| 110 |
_aHM Land Registry _91247 |
||
| 245 | _aLand Registry plans : a summary of Land Registry plans records, pre-registration requirements [and] related services. | ||
| 260 |
_aLondon _bHM Land Registry _c1995 |
||
| 300 | _a64p. : ill.,maps ; 30cm. | ||
| 350 | _a0 | ||
| 490 |
_aPractice Advice Leaflet _v8 |
||
| 650 |
_aBoundary disputes _96221 |
||
| 650 | _aHM LAND REGISTRY | ||
| 650 | _aMAPS | ||
| 650 | _aORDNANCE SURVEY MAP | ||
| 690 | _aLAND SURVEYING | ||
| 942 | _n0 | ||
| 948 | _c04/03/1997 | ||
| 999 |
_c90265 _d90265 |
||